banner koha

Identificação de plantas invasoras e silvestres hospedeiras da mosca-branca no semi-árido do nordeste brasileiro (Registro n. 70850)

MARC details
000 -LÍDER
campo de controle de tamanho fixo 01227nam a22004217a 4500
001 - NÚMERO DE CONTROLE
campo de controle BR0702957
003 - IDENTIFICADOR DO NÚMERO DE CONTROLE
campo de controle BR-BrBNA
005 - DATA E HORÁRIO DA ÚLTIMA TRANSAÇÃO
campo de controle 20230928102444.0
007 - CAMPO FIXO DE DESCRIÇÃO FÍSICA--INFORMAÇÃO GERAL
campo de controle de tamanho fixo ta
008 - CAMPO DE DADOS FIXOS--INFORMAÇÃO GERAL
campo de controle de tamanho fixo 230509b bl.||||| |||| 00| 0 por d
040 ## - FONTE DA CATALOGAÇÃO
Instituição da catalogação original BR-BrBNA
Idioma da catalogação por
Instituição que transcreveu o registro Biblioteca Nacional de Agricultura
041 ## - CÓDIGO DE IDIOMA
Código do idioma do texto/trilha sonora ou título diferente (Por)
072 ## - CÓDIGO DE CATEGORIA DE ASSUNTO
Código de Categoria de Assunto H10; H60; F70
Código do objeto 4020
-- 3876
090 ## - NÚMERO DE CHAMADA LOCAL
-- 4020 BR0702957
100 1# - ENTRADA PRINCIPAL--NOME PESSOAL
Nome pessoal Alencar, J.A. de
100 1# - ENTRADA PRINCIPAL--NOME PESSOAL
Nome pessoal Kiill, L.H.P.
100 1# - ENTRADA PRINCIPAL--NOME PESSOAL
Nome pessoal Vasconcelos, S.D.
100 1# - ENTRADA PRINCIPAL--NOME PESSOAL
Nome pessoal Barbosa, F.R.
100 1# - ENTRADA PRINCIPAL--NOME PESSOAL
Nome pessoal Haji, F.N.P.
100 1# - ENTRADA PRINCIPAL--NOME PESSOAL
Nome pessoal Alencar, P.C.G. de
110 1# - ENTRADA PRINCIPAL--NOME CORPORATIVO
Nome corporativo ou nome da jurisdição Banco do Nordeste do Brasil, Fortaleza, CE (Brasil)
9 (RLIN) 1130
245 1# - TÍTULO
Título Identificação de plantas invasoras e silvestres hospedeiras da mosca-branca no semi-árido do nordeste brasileiro
260 3# - PUBLICAÇÃO, DISTRIBUIÇÃO, ETC.
Local de publicação, distribuição, etc. Fortaleza, CE (Brasil):
Data da publicação, distribuição, etc. 2006.
300 ## - DESCRIÇÃO FÍSICA
Extensão 124 p.
500 ## - NOTA GERAL
Nota geral 52 illus.
650 ## - ASSUNTO--TERMO TÓPICO
Cabeçalho tópico ou nome geográfico MOSCA BRANCA
650 ## - ASSUNTO--TERMO TÓPICO
Cabeçalho tópico ou nome geográfico BENESIA TABACI
650 ## - ASSUNTO--TERMO TÓPICO
Cabeçalho tópico ou nome geográfico PRAGA DE PLANTA
650 ## - ASSUNTO--TERMO TÓPICO
Cabeçalho tópico ou nome geográfico PLANTA HOSPEDEIRA
650 ## - ASSUNTO--TERMO TÓPICO
Cabeçalho tópico ou nome geográfico CONTROLE QUÍMICO
650 ## - ASSUNTO--TERMO TÓPICO
Cabeçalho tópico ou nome geográfico CONTROLE INTEGRADO
650 ## - ASSUNTO--TERMO TÓPICO
Cabeçalho tópico ou nome geográfico ERVA DANINHA
650 ## - ASSUNTO--TERMO TÓPICO
Cabeçalho tópico ou nome geográfico PLANTA SILVESTRE
650 ## - ASSUNTO--TERMO TÓPICO
Cabeçalho tópico ou nome geográfico TAXONOMIA VEGETAL
650 ## - ASSUNTO--TERMO TÓPICO
Cabeçalho tópico ou nome geográfico NORDESTE
909 ## -
-- 202309
-- Lucia
-- 55
-- Lucia Elande
942 ## - ELEMENTOS DE ENTRADA ADICIONADOS (KOHA)
Tipo de material Koha Livros
Exemplares
Situação do descarte Fonte da classificação ou esquema de arquivamento na estante Situação física Não pode ser emprestado Coleção Biblioteca de origem Biblioteca atual Total de empréstimos Número de telefone completo Código de barras Data de último acesso Número do exemplar Tipo de material Koha Situação das perdas Data de aquisição Fonte de aquisição
  Classificação AGRIS       Biblioteca Nacional de Agricultura - Binagri Biblioteca Nacional de Agricultura - Binagri   4020 BR0702957 4020 BR0702957 25/09/2023 01 Livros   2023-09-25 Portaria Interministerial nº 164/94

BINAGRI

Telefone: (61)3218-2567/2388/3357/2097 - binagri@agro.gov.br

Ministério da Agricultura e Pecuária , Esplanada dos Ministérios, Bloco D, Anexo B, Brasília/DF, CEP: 70.043-900